01255cam a2200229 a 450000100090000000300040000900500170001300800410003001000170007102000220008804000250011004200080013505000190014310000220016224501520018425000120033626000350034830000420038350400510042550505330047665000160100916942216OSt20231023124454.0110831s2011 njua b 001 0 eng  a 2011284181 a0471371882 (pbk.) aWIUC - GHcWIUC - GH apcc00aHF5635.K53(6e)1 aFewox, Cecilia M.10aStudent workbook to accompany: Financial accounting: tools for business decision making 2nd ed, by Kimmel, Weygandt and Kieso. / cCecilia M. Fewox a2nd ed. aNew York :bJohn Wiley,c2000. a239 p. + [various pagings].:b ill. ; aIncludes bibliographical references and index. aContents: Introduction to financial statements -- A further look at financial statements -- The accounting information system -- Accrual accounting concepts -- Merchandising operations -- Reporting and analyzing inventory -- Internal control and cash -- Reporting and analyzing receivables -- Reporting and analyzing long-lived assets -- Reporting and analyzing liabilities -- Reporting and analyzing stockholders' equity -- Reporting and analyzing investments -- Statement of cash flows -- Financial analysis: The big picture . 0aAccounting.